Catálogo
 En Linea

Gestión de las relaciones públicas : (Registro nro. 37179)

Detalles MARC
000 -CABECERA
campo de control de longitud fija 00922nam a2200253 a 4500
001 - NÚMERO DE CONTROL
campo de control 000037689
005 - FECHA Y HORA DE LA ÚLTIMA TRANSACCIÓN
campo de control 20240306073901.0
008 - DATOS DE LONGITUD FIJA--INFORMACIÓN GENERAL
campo de control de longitud fija 121115s2012 dr acd 001 0 spa d
020 ## - NÚMERO INTERNACIONAL ESTÁNDAR DEL LIBRO
Número Internacional Estándar del Libro 9789945164855
040 ## - FUENTE DE LA CATALOGACIÓN
Centro catalogador/agencia de origen DO-SdBNP
Lengua de catalogación spa
Centro/agencia transcriptor BNPHU
082 ## - NÚMERO DE LA CLASIFICACIÓN DECIMAL DEWEY
Número de clasificación 659.2
Número de documento/Ítem R741g, 2012
100 1# - ENTRADA PRINCIPAL--NOMBRE DE PERSONA
Nombre de persona Rojas F., J. Luis
9 (RLIN) 22494
245 10 - MENCIÓN DE TÍTULO
Título Gestión de las relaciones públicas :
Resto del título antecedentes, naturaleza y casos /
Mención de responsabilidad, etc. J. Luis Rojas ; prólogo José Mármol.
250 ## - MENCIÓN DE EDICIÓN
Mención de edición 2a. ed.
260 ## - PUBLICACIÓN, DISTRIBUCIÓN, ETC.
Lugar de publicación, distribución, etc. Santo Domingo :
Nombre del editor, distribuidor, etc. Búho,
Fecha de publicación, distribución, etc. 2012.
300 ## - DESCRIPCIÓN FÍSICA
Extensión 396 p. :
Otras características físicas il., gráfcs., retrs. ;
Dimensiones 24 cm.
500 ## - NOTA GENERAL
Nota general Incluye datos biográficos del autor en la solapa de la cubierta.
504 ## - NOTA DE BIBLIOGRAFÍA, ETC.
Nota de bibliografía, etc. Bibliografía: p.395-396.
590 ## - NOTA LOCAL (RLIN)
Nota local Inventariado, 2018/ YL
650 #4 - PUNTO DE ACCESO ADICIONAL DE MATERIA--TÉRMINO DE MATERIA
Término de materia o nombre geográfico como elemento de entrada Relaciones públicas
9 (RLIN) 22495
650 #4 - PUNTO DE ACCESO ADICIONAL DE MATERIA--TÉRMINO DE MATERIA
Término de materia o nombre geográfico como elemento de entrada Planificación estratégica
9 (RLIN) 2433
700 1# - PUNTO DE ACCESO ADICIONAL--NOMBRE DE PERSONA
Nombre de persona Mármol, José,
Fechas asociadas al nombre 1960-
Término indicativo de función/relación pról.
9 (RLIN) 6454
910 ## - DATOS DE OPCIÓN DEL USUARIO (OCLC)
Datos de opción del usuario Validado. Control de calidad EMS
Existencias
Estado de retiro Estado de pérdida Restricciones de uso No para préstamo Código de colección Localización permanente Ubicación/localización actual Ubicación en estantería Fecha de adquisición Número de inventario Total de préstamos Signatura topográfica completa Código de barras Fecha visto por última vez Precio válido a partir de Tipo de ítem Koha Número de copia
  Extraviado     Patrimonio Dominicano General General Extraviado 04.09.2013 LF1   659.2 R741g, 2012 37689-50 25.06.2020 25.06.2020 Libro y Folleto Colección Patrimonio Dominicano  
        Dominicana de Servicio General General Depósito 15.11.2012 LF1   659.2 R741g, 2012 37689-30 25.06.2020 25.06.2020 Libro y Folleto Colección Dominicana de Servicio e. 3
        Dominicana de Servicio General General Depósito 15.11.2012 LF1   659.2 R741g, 2012 37689-40 25.06.2020 25.06.2020 Libro y Folleto Colección Dominicana de Servicio e. 4
      Excluido de préstamo Patrimonio Dominicano Patrimonio Dominicano Patrimonio Dominicano Depósito 15.11.2012 LF1   659.2 R741g, 2012 37689-10 25.06.2020 25.06.2020 Libro y Folleto Colección Patrimonio Dominicano  
      Excluido de préstamo Patrimonio Dominicano Patrimonio Dominicano Patrimonio Dominicano Depósito 15.11.2012 LF1   659.2 R741g, 2012 37689-20 25.06.2020 25.06.2020 Libro y Folleto Colección Patrimonio Dominicano e. 2

Con tecnología Koha